Sprache und interkulturelle Kommunikation. Interdisziplinäre Perspektiven in der Sprachforschung

Salvato in:
Dettagli Bibliografici
Altri autori: Seresová, Katarína, 1967-, Štefančík, Radoslav, 1976-, Lišková, Danuša
Natura: Libro
Lingua:tedesco
Pubblicazione: Brno Tribun EU 2017
Edizione:1. Ausg.
Soggetti:
Tags: Aggiungi Tag
Nessun Tag, puoi essere il primo ad aggiungerne!!

MARC

LEADER 00000nam a2200000 4500
001 0238882
005 20240502083640.7
020 |a 978-80-263-1354-0 
041 0 |a ger 
044 |a CZ 
245 1 0 |a Sprache und interkulturelle Kommunikation. Interdisziplinäre Perspektiven in der Sprachforschung  |c Katarína Seresová et al. ; gutachter: Radoslav Štefančík, Danuša Lišková 
250 |a 1. Ausg. 
264 1 |a Brno  |b Tribun EU  |c 2017 
300 |a 143 s. [8,51 AH] 
610 2 0 |a jazykoveda 
610 2 0 |a nemčina 
610 2 0 |a komunikácia interkultúrna 
610 2 0 |a komunikácia multikultúrna 
610 2 0 |a komunikácia neverbálna 
610 2 0 |a kultúra 
610 2 0 |a vyučovanie 
700 1 |a Seresová, Katarína, 1967- 
700 1 |a Štefančík, Radoslav, 1976- 
700 1 |a Lišková, Danuša